| 000 | 00652nam a22002057a 4500 | ||
|---|---|---|---|
| 999 |
_c6310 _d6310 |
||
| 003 | AR-CdUCM | ||
| 008 | 190314b ||||| |||| 00| 0 spa d | ||
| 040 |
_aMUNICIPALIDAD PROVINCIAL DEL CUSCO _cBIBLIOTECA MUNICIPAL DEL CUSCO |
||
| 082 |
_a869.56 / _bCh61 |
||
| 100 |
_aChirinos Arrieta, Eduardo, _918081 |
||
| 245 | _aArchivo de huellas digitales / | ||
| 260 |
_aLima : _bDepartamento de relaciones públicas de Petroperú S.A., _c1985. |
||
| 300 |
_a53 páginas ; _c20 cm. |
||
| 505 | _aContenido : Poesía | ||
| 650 |
_aPoesía _9444 |
||
| 650 |
_aPoetas peruanos _91611 |
||
| 650 |
_aLiteratura _9416 |
||
| 942 |
_2ddc _cLIBROS |
||
| 945 | _admma | ||